000 01146nam0a2200337 4500
001 RU\NLR\bibl\174105
005 20250618061227.0
010 _a5-93119-043-0
_91000
021 _aRU
_b2000-46914
_92160
035 _a(NLR Aleph) 000170856
090 _a984626
_c984626
100 _a20010803d2000 |||y0rusy50 ca
101 0 _arus
102 _aRU
105 _aa |||||||||
200 1 _aПанкреонекроз
_fЕ.П. Коновалов, Г.Р. Жгенти, В.Н. Терлецкий, Б.В. Доманский
210 _aЧита
_cПоиск
_d2000
215 _a238 с.
_cил.
_d21
320 _aБиблиогр.: с. 204-237 (282 назв.)
606 0 _aПоджелудочная железа
_xНекроз
_9954517
_3RU\NLR\auth\66355487
686 _aР413.604.5
686 _aР457.465.360.45-59
701 1 _aКоновалов
_bЕ. П.
_4070
701 1 _aЖгенти
_bГ. Р.
_4070
701 1 _aТерлецкий
_bВ. Н.
_4070
701 1 _aДоманский
_bБ. В.
_4070
801 0 _aRU
_bNLR
_c20010803
_gPSBO
801 1 _aRU
_bNLR
_c20010803
942 _cBOOK
980 _aNB